000 00475nam a2200157 i 4500
001 99569
003 ES-MaACL
005 20230906182523.0
007 t|
008 050913s1970 sp ||||1| spa d
100 1 _aMartínez de Bedoya, Javier.
_977982
245 1 0 _aMarcuse y el socialismo
_b: el socialismo imposible /
_cJavier Martínez de Bedoya.
260 _aMadrid :
_bParaninfo,
_c1970.
300 _a383 p. :
_bil. ;
_c22 cm.
852 _aES-MaACL
_jC-38355
_bR.75275
999 _c99569
_d99569